Understanding Protestantism (Registro nro. 45128)
[ vista simple ]
| 000 -LÍDER | |
|---|---|
| Campo fijo de descripción fija | 01007aam a2200301 i 4500 |
| 001 - NÚMERO DE CONTROL | |
| Campo de control | 18717 |
| 003 - IDENTIFICADOR DEL NÚMERO DE CONTROL | |
| Campo de control | CO-MdBIC |
| 005 - FECHA Y HORA DE LA ULTIMA TRANSACCIÓN | |
| control field | 20190606144724.0 |
| 008 - ELEMENTOS DE LONGITUD FIJA -- INFORMACIÓN GENERAL | |
| Campo fijo de descripción fija -- Información general | 190523t1964 -us |||| |||| 00| 0 eng d |
| 020 ## - NÚMERO INTERNACIONAL NORMALIZADO PARA LIBROS | |
| Número Internacional Normalizado del libro | [No incluye ISBN] |
| 040 ## - FUENTE DE CATALOGACIÓN | |
| Agencia de catalogación original | CO-MdFUSB |
| Idioma de catalogación | spa |
| Agencia que realiza la transcripción | CO-MdFUSB |
| Agencia que realiza la modificación | CO-MdFUSBC |
| Convenciones de la descripción | rda |
| 041 ## - CÓDIGO DE IDIOMA | |
| Código de idioma para texto/pista de sonido o título separado | eng |
| 082 04 - NÚMERO DE CLASIFICACIÓN DECIMAL DEWEY | |
| Número de clasificación | 27 |
| Número de la edición del Dewey | G 270.6 |
| Clave de autor-Numero de item | T231 |
| 100 ## - ASIENTO PRINCIPAL--NOMBRE PERSONAL | |
| Nombre personal | Tavard, Georges, |
| Término relacionador | autor |
| 240 ## - TITULO UNIFORME | |
| Título uniforme | <a href="Protestantism">Protestantism</a> |
| 245 10 - TÍTULO | |
| Título del Material | Understanding Protestantism |
| Mención de responsabilidad, etc. | / Georges Tavard |
| 264 #1 - PRODUCCIÓN, PUBLICACIÓN, DISTRIBUCIÓN, MANUFACTURA, Y COPYRIGHT | |
| Lugar de producción, publicación, distribución, manufactura | Glen Rock, New Jersey : |
| Nombre del productor, publicador, distribuidor | Paulist Press, |
| Fecha de producción, publicación, distribución, manufactura, o copyright | [1964] |
| 300 ## - DESCRIPCIÓN FÍSICA | |
| Extensión | 120 páginas |
| Dimensiones | ; 18 cm |
| 336 ## - TIPO DE CONTENIDO | |
| Término de tipo de contenido | texto |
| Código de tipo de contenido | txt |
| Fuente | rdacontent |
| 337 ## - TIPO DE MEDIO | |
| Fuente | rdamedia |
| Nombre del tipo de medio | sin mediación |
| Código del tipo de medio | n |
| 338 ## - TIPO DE SOPORTE | |
| Fuente | rdacarrier |
| Nombre del tipo de soporte | volumen |
| Código Tipo de soporte | nc |
| 505 0# - NOTA DE CONTENIDO | |
| Nota de contenido con formato preestablecido | El protestantismo -- La reformación -- Los sacramentos -- El despertamiento religioso -- El anglicanismo -- La geografía del protestantismo |
| 563 ## - NOTA DE ENCUADERNACIÓN | |
| Nota de encuadernación | Rústico |
| 650 #0 - ASIENTO SECUNDARIO DE MATERIA - TERMINO TEMÁTICO | |
| 9 (RLIN) | 947 |
| Término temático o nombre geográfico como elemento de entrada | Protestantismo |
| 700 ## - ASIENTO SECUNDARIO - NOMBRE PERSONAL | |
| Nombre personal | Attwater, Rachel, |
| 9 (RLIN) | 1968 |
| Responsabilidad | traductor |
| 942 ## - TIPO DE MATERIAL (KOHA) | |
| Tipo de Item KOHA | Libros General |
| 945 ## - INFORMACIÓN LOCAL DEL REGISTRO | |
| Catalogador | JTF-925 |
| Estado de Material | Estado de Perdido | Forma de Clasificación | Estado de Dañado | No para Préstamo | Colección | Tomo | Biblioteca de Origen | Biblioteca Permanente | Fecha de Adquisición | Total de Préstamos | Signatura Topográfica | Código de Barras | Última vez visto | Ejemplar/Existencia | Fecha de Remplazo | Tipo de Material |
|---|---|---|---|---|---|---|---|---|---|---|---|---|---|---|---|---|
| Dewey Decimal Classification | Colección General | Biblioteca FUSBC | Biblioteca FUSBC | 04/11/2014 | G 270.6 T231u | 18703 | 12/12/2019 | Ej. 1 | 26/01/2016 | Libros General |
